Физика. Механика: учебное пособие для СПО

Bibliographic Details
Main Author: Склярова Е. А. Елена Александровна
Corporate Author: Национальный исследовательский Томский политехнический университет (570)
Other Authors: Кузнецов С. И. Сергей Иванович, Кулюкина Е. С. Евгения Сергеевна
Summary:В учебном пособии изложены все разделы курса физической механики. Даны разъяснения основных законов, явлений и понятий классической механики, релятивистской механики и рассмотрены основные положения общей теории относительности. Учитываются наиболее важные достижения в современной науке и технике, уделяется большое внимание физике различных природных явлений. Цель пособия — помочь студентам освоить материал программы, научить активно применять теоретические основы физики как рабочий аппарат, позволяющий решать конкретные задачи, связанные с повышением ресурсоэффективности. Пособие ориентировано на организацию самостоятельной работы студентов. В нем анализируется решение многих физических задач, приводятся задачи для самостоятельного решения и ответы к ним.
Language:Russian
Published: Москва, Юрайт, 2018
Edition:3-е изд., перераб. и доп.
Series:Профессиональное образование
Subjects:
Format: Book
KOHA link:https://koha.lib.tpu.ru/cgi-bin/koha/opac-detail.pl?biblionumber=676672

MARC

LEADER 00000nam0a2200000 4500
001 676672
005 20241126123657.0
010 |a 978-5-534-06863-4 
090 |a 676672 
100 |a 20241116d2018 m||y0rusy50 ca 
101 0 |a rus 
102 |a RU 
105 |a a j 001yy 
181 0 |a i   |b  e  
182 0 |a n 
183 0 |a nc  |2 RDAcarrier 
200 1 |a Физика. Механика  |e учебное пособие для СПО  |f Е. А. Склярова, С. И. Кузнецов, Е. С. Кулюкина  |g Томский политехнический университет 
203 |a Текст  |b визуальный  |c непосредственный 
205 |a 3-е изд., перераб. и доп. 
210 |a Москва  |c Юрайт  |d 2018 
215 |a 251 с.  |c ил. 
225 1 |a Профессиональное образование 
283 |a volume  |2 RDAcarrier 
320 |a Список литературы: с. 225-226 
320 |a Глоссарий: с. 235-240 
330 |a В учебном пособии изложены все разделы курса физической механики. Даны разъяснения основных законов, явлений и понятий классической механики, релятивистской механики и рассмотрены основные положения общей теории относительности. Учитываются наиболее важные достижения в современной науке и технике, уделяется большое внимание физике различных природных явлений. Цель пособия — помочь студентам освоить материал программы, научить активно применять теоретические основы физики как рабочий аппарат, позволяющий решать конкретные задачи, связанные с повышением ресурсоэффективности. Пособие ориентировано на организацию самостоятельной работы студентов. В нем анализируется решение многих физических задач, приводятся задачи для самостоятельного решения и ответы к ним. 
606 1 |a Механика  |2 stltpush  |3 (RuTPU)RU\TPU\subj\67812  |9 83462 
610 1 |a физика 
610 1 |a материальные точки 
610 1 |a кинематика 
610 1 |a классическая динамика 
610 1 |a силы 
610 1 |a основные уравнения 
610 1 |a неинерциальные системы отсчета 
610 1 |a энергия 
610 1 |a работа 
610 1 |a мощность 
610 1 |a законы сохранения 
610 1 |a динамика 
610 1 |a вращательное движение 
610 1 |a твердые тела 
610 1 |a тяготение 
610 1 |a законы Ньютона 
610 1 |a жидкость 
610 1 |a газы 
610 1 |a специальная теория относительности 
610 1 |a общая теория относительности 
610 1 |a учебные пособия 
610 1 |a труды учёных ТПУ 
675 |a 531(075.32)  |v 4 
700 1 |a Склярова  |b Е. А.  |c физик  |c доцент Томского политехнического университета, кандидат педагогических наук  |f 1972-  |g Елена Александровна  |3 (RuTPU)RU\TPU\pers\24507  |9 10826 
701 1 |a Кузнецов  |b С. И.  |c физик  |c доцент Томского политехнического университета, кандидат технических наук  |f 1952-  |g Сергей Иванович  |3 (RuTPU)RU\TPU\pers\27957  |9 12947 
701 1 |a Кулюкина  |b Е. С.  |c специалист в области организации международного сотрудничества  |c главный эксперт, доцент Томского политехнического университета, кандидат педагогических наук   |f 1982-  |g Евгения Сергеевна  |3 (RuTPU)RU\TPU\pers\26862  |9 12480 
712 0 2 |a Национальный исследовательский Томский политехнический университет  |c (2009- )  |3 (RuTPU)RU\TPU\col\15902  |9 26305  |4 570 
801 0 |a RU  |b 63413507  |c 20241116 
942 |c BK